[Event "ODJM B 2019"]
[Site "Willingen GER"]
[Date "2019.06.10"]
[Round "3"]
[White "Seitz, Manuel"]
[Black "Peglau, Sarah"]
[Result "1-0"]
[Termination "normal"]
[Board "28"]
[WhiteElo "1710"]
[BlackElo "1471"]
[PlyCount "51"]
[WhiteFideId "16215770"]
[BlackFideId "16219961"]
[EventCountry "GER"]
[EventRounds "9"]
[EventType "swiss"]
[EventDate "2019.06.08"]

1. e4 c5 2. Nf3 Nc6 3. d4 cxd4 4. Nxd4 Nf6 5. Nc3 g6 6. Be3 Bg7 7. Be2 O-O 8.
h4 d5 9. exd5 Nxd5 10. Nxc6 bxc6 11. Nxd5 cxd5 12. c3 e6 13. h5 Qa5 14. Qd2 Rb8
15. b4 Qa3 16. Rc1 Ba6 17. Bh6 Bxe2 18. Bxg7 Kxg7 19. hxg6 hxg6 20. Kxe2 Rh8
21. Qd4+ f6 22. Qc5 Qxa2+ 23. Kf3 Rb6 24. Ra1 Qd2 25. Rxa7+ Kg8 26. Qc8# 1-0

[Event "ODJM B 2019"]
[Site "Willingen GER"]
[Date "2019.06.10"]
[Round "3"]
[White "Thumm, Niklas"]
[Black "Fricke, Janek Konrad"]
[Result "1-0"]
[Termination "normal"]
[Board "29"]
[WhiteElo "1732"]
[BlackElo "1561"]
[PlyCount "71"]
[WhiteFideId "12918733"]
[BlackFideId "12997471"]
[EventCountry "GER"]
[EventRounds "9"]
[EventType "swiss"]
[EventDate "2019.06.08"]

1. e4 c5 2. Nc3 Nc6 3. Bb5 Nd4 4. a4 Nxb5 5. axb5 b6 6. d3 Bb7 7. Bf4 d6 8.
Nge2 e5 9. Bd2 h6 10. f4 Nf6 11. Ng3 Be7 12. Nf5 g6 13. Nxh6 Rxh6 14. fxe5 Ng8
15. Bxh6 Nxh6 16. exd6 Bxd6 17. g3 Qe7 18. Rf1 Nf5 19. Qd2 Be5 20. O-O-O Bd4
21. exf5 Be3 22. Rfe1 Bxd2+ 23. Kxd2 Rd8 24. fxg6 fxg6 25. Rxe7+ Kxe7 26. Ra1
Ra8 27. Ke3 Ke6 28. Kf4 Rf8+ 29. Kg5 Rf5+ 30. Kxg6 Rf6+ 31. Kg5 Rf5+ 32. Kh4
Bf3 33. g4 Rf4 34. Kg3 Rf7 35. Re1+ Kd6 36. Rf1 1-0

[Event "ODJM B 2019"]
[Site "Willingen GER"]
[Date "2019.06.10"]
[Round "3"]
[White "Niemann, Leon Pascal"]
[Black "Hallfarth, Luise"]
[Result "1/2-1/2"]
[Termination "normal"]
[Board "30"]
[WhiteElo "1702"]
[BlackElo "1518"]
[PlyCount "54"]
[WhiteFideId "16218388"]
[BlackFideId "16250222"]
[EventCountry "GER"]
[EventRounds "9"]
[EventType "swiss"]
[EventDate "2019.06.08"]

1. e4 c5 2. Nf3 Nc6 3. d4 cxd4 4. Nxd4 g6 5. Nc3 Bg7 6. Be3 Nf6 7. f3 O-O 8.
Bc4 Qb6 9. Bb3 Nxe4 10. Nd5 Qa5+ 11. c3 Nc5 12. Nxc6 dxc6 13. Nxe7+ Kh8 14.
Nxc8 Raxc8 15. O-O Rcd8 16. Qc2 Rfe8 17. Bf2 Kg8 18. Bxf7+ Kxf7 19. b4 Qa3 20.
Bxc5 Qxc3 21. Rac1 Bd4+ 22. Kh1 Qe3 23. Qc4+ Kg7 24. b5 cxb5 25. Qxb5 Bxc5 26.
Rxc5 Re7 27. Qb2+ Kg8 1/2-1/2

[Event "ODJM B 2019"]
[Site "Willingen GER"]
[Date "2019.06.10"]
[Round "3"]
[White "Grunert, Wilhelm"]
[Black "Brügmann, Kai"]
[Result "0-1"]
[Termination "normal"]
[Board "31"]
[WhiteElo "1749"]
[BlackElo "1555"]
[PlyCount "94"]
[WhiteFideId "12995673"]
[BlackFideId "16287460"]
[EventCountry "GER"]
[EventRounds "9"]
[EventType "swiss"]
[EventDate "2019.06.08"]

1. e4 c5 2. Nf3 e6 3. d4 cxd4 4. Nxd4 Nf6 5. Nc3 Nc6 6. Bf4 Bb4 7. Ndb5 e5 8.
Bg5 d6 9. a3 Bc5 10. Nd5 Bb6 11. Nxf6+ gxf6 12. Nxd6+ Ke7 13. Nxc8+ Rxc8 14.
Qf3 fxg5 15. Bc4 Qf8 16. Qf5 Qg7 17. c3 Qf6 18. O-O Qxf5 19. exf5 Rhd8 20. Rfe1
Kf6 21. Re2 Nd4 22. cxd4 Rxc4 23. dxe5+ Kxf5 24. h3 Rcd4 25. g4+ Ke6 26. Kg2
Rd2 27. Rae1 Rxe2 28. Rxe2 Rd5 29. h4 Rxe5 30. Rxe5+ Kxe5 31. hxg5 Kf4 32. b3
Bd4 33. f3 Bb2 34. a4 Kxg5 35. Kg3 Bc1 36. Kh3 a6 37. Kg3 b5 38. axb5 axb5 39.
Kh3 Kf4 40. Kg2 Ke3 41. Kg3 Kd3 42. f4 Kc3 43. g5 Kxb3 44. Kg4 Bb2 45. Kh5 Bg7
46. f5 Kc2 47. f6 Bf8 0-1

[Event "ODJM B 2019"]
[Site "Willingen GER"]
[Date "2019.06.10"]
[Round "3"]
[White "von der Weyden, Louis"]
[Black "Seliokaite, Ana"]
[Result "1-0"]
[Termination "normal"]
[Board "32"]
[WhiteElo "1564"]
[BlackElo "1464"]
[PlyCount "79"]
[WhiteFideId "16207050"]
[BlackFideId "16224817"]
[EventCountry "GER"]
[EventRounds "9"]
[EventType "swiss"]
[EventDate "2019.06.08"]

1. c4 c5 2. Nc3 Nc6 3. g3 g6 4. Bg2 Bg7 5. e4 e5 6. d3 d6 7. Nge2 Nge7 8. O-O
O-O 9. a3 a5 10. Be3 Nd4 11. Bd2 Rb8 12. Nxd4 exd4 13. Nb5 Nc6 14. f4 f5 15.
Qf3 Qf6 16. Rae1 Bd7 17. Re2 b6 18. Rfe1 fxe4 19. Qxe4 Nd8 20. Qd5+ Nf7 21. Qf3
Bxb5 22. cxb5 Kh8 23. Qc6 Qd8 24. Bd5 Nh6 25. Be6 Ng8 26. Bxg8 Kxg8 27. Re6 d5
28. Rd6 Qc8 29. Qxd5+ Kh8 30. Ree6 Rf5 31. Qe4 Qc7 32. Rc6 Qd8 33. Rxb6 Rxb6
34. Re8+ Qxe8 35. Qxe8+ Rf8 36. Qd7 Bf6 37. Bxa5 Rbb8 38. Qd6 Rbc8 39. b6 Bd8
40. Qxf8# 1-0

[Event "ODJM B 2019"]
[Site "Willingen GER"]
[Date "2019.06.10"]
[Round "3"]
[White "Albayrak, Berrak"]
[Black "Kublanov, Carolin"]
[Result "0-1"]
[Termination "normal"]
[Board "33"]
[WhiteElo "1491"]
[BlackElo "1748"]
[PlyCount "64"]
[WhiteFideId "16241657"]
[BlackFideId "12944548"]
[EventCountry "GER"]
[EventRounds "9"]
[EventType "swiss"]
[EventDate "2019.06.08"]

1. e4 g6 2. d4 Bg7 3. Nc3 d6 4. f4 a6 5. Nf3 b5 6. a4 b4 7. Na2 c5 8. dxc5 dxc5
9. Qxd8+ Kxd8 10. Bc4 e6 11. e5 Nd7 12. Ng5 Ke8 13. Be3 Ne7 14. Ne4 Nf5 15. Bf2
Bb7 16. Nxc5 Nxc5 17. Bxc5 Rc8 18. Bxa6 Bxa6 19. Nxb4 Rxc5 20. Nxa6 Rxc2 21. b4
Ke7 22. O-O Rd8 23. Rfc1 Rcd2 24. b5 Ne3 25. Rc7+ Kf8 26. g3 Bxe5 27. Re1 Bxc7
28. Nxc7 Rd1 29. Rxd1 Rxd1+ 30. Kf2 Nd5 31. Na6 Ra1 32. Nc5 Nb6 0-1

[Event "ODJM B 2019"]
[Site "Willingen GER"]
[Date "2019.06.10"]
[Round "3"]
[White "Puls, Luisa"]
[Black "Kovac, Linda"]
[Result "1-0"]
[Termination "normal"]
[Board "34"]
[WhiteElo "1465"]
[BlackElo "1718"]
[PlyCount "51"]
[WhiteFideId "16266005"]
[BlackFideId "12938815"]
[EventCountry "GER"]
[EventRounds "9"]
[EventType "swiss"]
[EventDate "2019.06.08"]

1. e4 g6 2. Nf3 Bg7 3. d4 d6 4. Nc3 Nd7 5. Bc4 e6 6. O-O a6 7. Bg5 Ne7 8. Qd2
b5 9. Bd3 Bb7 10. Rfe1 O-O 11. d5 exd5 12. exd5 f6 13. Bh6 Nxd5 14. Bxg7 Kxg7
15. Nd4 Nc5 16. Be4 Nxe4 17. Rxe4 Re8 18. Ne6+ Rxe6 19. Rxe6 Ne7 20. Rae1 Nf5
21. Nd5 Bc8 22. Re8 Qd7 23. R8e7+ Nxe7 24. Rxe7+ Qxe7 25. Nxe7 Bb7 26. Qa5 1-0

[Event "ODJM B 2019"]
[Site "Willingen GER"]
[Date "2019.06.10"]
[Round "3"]
[White "Garbuz, Nicole"]
[Black "Reuter, Marek"]
[Result "0-1"]
[Termination "normal"]
[Board "35"]
[WhiteElo "1650"]
[BlackElo "1553"]
[PlyCount "42"]
[WhiteFideId "12990701"]
[BlackFideId "16226712"]
[EventCountry "GER"]
[EventRounds "9"]
[EventType "swiss"]
[EventDate "2019.06.08"]

1. e4 e5 2. Nf3 Nc6 3. Bc4 Nf6 4. Ng5 d5 5. exd5 b5 6. Bxb5 Qxd5 7. Bf1 e4 8.
d3 Bg4 9. Be2 Bxe2 10. Qxe2 Nd4 11. Qd2 h6 12. Nxe4 Nxe4 13. dxe4 Qxe4+ 14. Kd1
O-O-O 15. Re1 Qg4+ 16. f3 Nxf3 17. gxf3 Qxf3+ 18. Re2 Rxd2+ 19. Bxd2 Bc5 20.
Nc3 Re8 21. a3 Bd4 0-1

[Event "ODJM B 2019"]
[Site "Willingen GER"]
[Date "2019.06.10"]
[Round "3"]
[White "Sperling, Niclas"]
[Black "Bräutigam, Alexander"]
[Result "0-1"]
[Termination "normal"]
[Board "36"]
[WhiteElo "1720"]
[BlackElo "1396"]
[PlyCount "120"]
[WhiteFideId "16204000"]
[BlackFideId "16245210"]
[EventCountry "GER"]
[EventRounds "9"]
[EventType "swiss"]
[EventDate "2019.06.08"]

1. e4 c5 2. Nf3 d6 3. d4 cxd4 4. Nxd4 Nf6 5. Nc3 a6 6. Be2 Bd7 7. O-O g6 8. Be3
Bg7 9. f4 Nc6 10. Kh1 Qc8 11. Qd2 O-O 12. Rae1 Bg4 13. Bg1 Rd8 14. Bxg4 Nxg4
15. Nd5 Bxd4 16. Bxd4 Qb8 17. Bc3 b5 18. h3 b4 19. Nxb4 Nxb4 20. Bxb4 Nf6 21.
Bc3 Qb5 22. Rf3 d5 23. Rd3 Rac8 24. e5 Ne8 25. Rd1 e6 26. Rd4 Rc4 27. Rxc4 Qxc4
28. a3 Rc8 29. Qf2 Nc7 30. Rd4 Qc5 31. Bb4 Qc6 32. Rd3 Nb5 33. c3 Qc4 34. Rd2
Qc6 35. Be7 Qe8 36. Qh4 Rc7 37. Bf6 Rb7 38. Bg5 a5 39. Bh6 Qe7 40. Qxe7 Rxe7
41. a4 Na7 42. b4 Rc7 43. b5 Nc8 44. Rb2 Nb6 45. Rb3 Rd7 46. Kg1 Rc7 47. Kf2 f5
48. exf6 Rc4 49. Ke3 Rxa4 50. Kd3 Kf7 51. Bg5 Rc4 52. g3 a4 53. Rb1 a3 54. Kc2
Na4 55. Kb3 Nxc3 56. b6 Nxb1 57. b7 Nd2+ 58. Kxa3 Rc3+ 59. Ka4 Rb3 60. f5 gxf5
0-1

[Event "ODJM B 2019"]
[Site "Willingen GER"]
[Date "2019.06.10"]
[Round "3"]
[White "Heß, Wadim"]
[Black "Schmied, Elias"]
[Result "0-1"]
[Termination "normal"]
[Board "37"]
[WhiteElo "1360"]
[BlackElo "1669"]
[PlyCount "112"]
[WhiteFideId "16266129"]
[BlackFideId "16255879"]
[EventCountry "GER"]
[EventRounds "9"]
[EventType "swiss"]
[EventDate "2019.06.08"]

1. e4 e6 2. d4 d5 3. Nd2 dxe4 4. Nxe4 Nd7 5. Nf3 Ngf6 6. Nxf6+ Nxf6 7. Bd3 c5
8. O-O Be7 9. c3 O-O 10. Qc2 b6 11. Rd1 Qc7 12. Be3 Bb7 13. Be2 Rfd8 14. Rac1
Nd5 15. Bg5 Nf4 16. Bxe7 Nxe2+ 17. Qxe2 Qxe7 18. dxc5 Qxc5 19. Rxd8+ Rxd8 20.
Rd1 Rxd1+ 21. Qxd1 Qd5 22. Qxd5 Bxd5 23. a3 f5 24. Ne5 g5 25. Kf1 Kg7 26. g3 f4
27. Ke2 Kf6 28. Nf3 e5 29. Nd2 e4 30. c4 Bb7 31. b4 Kf5 32. f3 e3 33. g4+ Ke5
34. Nb3 Bc8 35. c5 Be6 36. cxb6 axb6 37. Nc1 Kd4 38. a4 Bf7 39. a5 bxa5 40.
bxa5 Bd5 41. h3 h6 42. Ke1 Bxf3 43. a6 Kc5 44. a7 Kb6 45. Nd3 Kxa7 46. Ne5 Bg2
47. Nf7 Bxh3 48. Nxh6 Kb6 49. Nf7 Bxg4 50. Nxg5 Kc6 51. Nf7 Kd5 52. Nh6 Be6 53.
Ke2 Ke4 54. Ke1 f3 55. Kd1 f2 56. Ke2 Bc4+ 0-1

[Event "ODJM B 2019"]
[Site "Willingen GER"]
[Date "2019.06.10"]
[Round "3"]
[White "Bendtschneider, Nils"]
[Black "Hövert, Kai"]
[Result "1/2-1/2"]
[Termination "normal"]
[Board "38"]
[WhiteElo "1219"]
[BlackElo "1536"]
[PlyCount "43"]
[WhiteFideId "16245180"]
[BlackFideId "16266056"]
[EventCountry "GER"]
[EventRounds "9"]
[EventType "swiss"]
[EventDate "2019.06.08"]

1. d4 e5 2. dxe5 Nc6 3. Nf3 Qe7 4. Nc3 Nxe5 5. Bf4 Nxf3+ 6. gxf3 c6 7. e3 d5 8.
Bd3 d4 9. Ne4 Qb4+ 10. Qd2 Qxb2 11. O-O Qb6 12. exd4 Qxd4 13. Rfe1 Be6 14. Rab1
Qd7 15. Bg5 b6 16. Rbd1 Ne7 17. Qe2 Nd5 18. Bc4 Be7 19. Bxe7 Qxe7 20. Bxd5 cxd5
21. Rxd5 O-O 22. Ng5 1/2-1/2

[Event "ODJM B 2019"]
[Site "Willingen GER"]
[Date "2019.06.10"]
[Round "3"]
[White "Reuter, Max"]
[Black "Linnemann, Caspar"]
[Result "1/2-1/2"]
[Termination "normal"]
[Board "39"]
[WhiteElo "1545"]
[BlackElo "1239"]
[PlyCount "83"]
[WhiteFideId "16263715"]
[BlackFideId "16200284"]
[EventCountry "GER"]
[EventRounds "9"]
[EventType "swiss"]
[EventDate "2019.06.08"]

1. e4 c5 2. Nc3 Nc6 3. f4 e6 4. Bc4 Nge7 5. d3 g6 6. e5 Bg7 7. Ne4 O-O 8. Be3
b6 9. Nf3 Na5 10. Nfd2 Nf5 11. Qe2 d5 12. exd6 Nxd6 13. Nxd6 Qxd6 14. O-O-O Qc6
15. g4 b5 16. Bb3 Rb8 17. c3 Bd7 18. Ne4 Nb7 19. h4 a5 20. h5 a4 21. Bc2 b4 22.
c4 b3 23. Bb1 bxa2 24. Bxa2 Na5 25. Rd2 f5 26. hxg6 hxg6 27. gxf5 exf5 28. Bxc5
Rfe8 29. Qh2 fxe4 30. Qh7+ Kf7 31. Bd4 Rg8 32. c5+ Nb3+ 33. Bxb3+ axb3 34. f5
Bxf5 35. Rf1 Qa6 36. Rxf5+ gxf5 37. Qxf5+ Ke7 38. Qxe4+ Qe6 39. Qh4+ Kd7 40.
Bxg7 Rxg7 41. Qd4+ Kc6 42. Qxg7 1/2-1/2

[Event "ODJM B 2019"]
[Site "Willingen GER"]
[Date "2019.06.10"]
[Round "3"]
[White "Rabe, Maximilian"]
[Black "Schneble, Milan"]
[Result "1/2-1/2"]
[Termination "normal"]
[Board "40"]
[WhiteElo "1628"]
[BlackElo "1425"]
[PlyCount "86"]
[WhiteFideId "12982911"]
[BlackFideId "16266102"]
[EventCountry "GER"]
[EventRounds "9"]
[EventType "swiss"]
[EventDate "2019.06.08"]

1. e4 e5 2. Bc4 Nc6 3. Nf3 Bc5 4. c3 Nf6 5. d3 h6 6. O-O d6 7. b4 Bb6 8. a4 a5
9. b5 Ne7 10. h3 O-O 11. Nh4 Bd7 12. Kh1 c6 13. f4 exf4 14. Bxf4 Ne8 15. Bc1
Qc8 16. Qf3 Be6 17. Na3 d5 18. exd5 cxd5 19. Bb3 Qxc3 20. Rb1 Qf6 21. Qxf6 Nxf6
22. Bxh6 Bc5 23. Nc2 Nh5 24. Bf4 g5 25. Bxg5 Ng3+ 26. Kh2 Nxf1+ 27. Rxf1 Ng6
28. Nxg6 fxg6 29. Re1 Bf5 30. Bxd5+ Kg7 31. Bc4 Rfe8 32. Ne3 Bxe3 33. Rxe3 Rxe3
34. Bxe3 Re8 35. Bb6 Be6 36. Bxa5 Bxc4 37. Bc3+ Kf7 38. dxc4 Re4 39. c5 Rxa4
40. Be1 Rc4 41. Bf2 Rc3 42. h4 Ke6 43. g3 Rc2 1/2-1/2

[Event "ODJM B 2019"]
[Site "Willingen GER"]
[Date "2019.06.10"]
[Round "3"]
[White "Bardorz, Stefan"]
[Black "Rempe, Mieke"]
[Result "1-0"]
[Termination "normal"]
[Board "41"]
[WhiteElo "1646"]
[BlackElo "1469"]
[PlyCount "43"]
[WhiteFideId "16245474"]
[BlackFideId "16202384"]
[EventCountry "GER"]
[EventRounds "9"]
[EventType "swiss"]
[EventDate "2019.06.08"]

1. e4 c6 2. d4 d5 3. exd5 cxd5 4. c4 dxc4 5. Bxc4 Nf6 6. Ne2 e6 7. O-O Bd6 8.
h3 O-O 9. Bg5 h6 10. Bh4 g5 11. Bg3 Bxg3 12. fxg3 Nbd7 13. Nbc3 Qe7 14. Bb3 b6
15. d5 exd5 16. Nxd5 Nxd5 17. Bxd5 Qe3+ 18. Kh2 Ba6 19. Rxf7 Rxf7 20. Bxf7+
Kxf7 21. Qxd7+ Kg8 22. Qd5+ 1-0

[Event "ODJM B 2019"]
[Site "Willingen GER"]
[Date "2019.06.10"]
[Round "3"]
[White "Schwenke, Mia"]
[Black "Lohrmann, Tabea"]
[Result "0-1"]
[Termination "normal"]
[Board "42"]
[WhiteElo "1136"]
[BlackElo "1549"]
[PlyCount "132"]
[WhiteFideId "16263332"]
[BlackFideId "12911941"]
[EventCountry "GER"]
[EventRounds "9"]
[EventType "swiss"]
[EventDate "2019.06.08"]

1. e4 e5 2. Nf3 Nc6 3. Bc4 Bc5 4. c3 Nf6 5. d4 exd4 6. cxd4 Bb4+ 7. Bd2 Nxe4 8.
Bxf7+ Kxf7 9. Qb3+ d5 10. Bxb4 a5 11. Bd2 Rf8 12. O-O Kg8 13. Re1 Ra6 14. Qe3
Ne7 15. Nc3 Nf5 16. Qe2 Nxd2 17. Qxd2 Rg6 18. Ne5 Rh6 19. Ne2 b6 20. Qd3 Qh4
21. Qh3 Nxd4 22. Qxh4 Rxh4 23. Rac1 c5 24. Nc3 Rd8 25. g3 Rh5 26. Kg2 Bh3+ 27.
Kh1 Rf5 28. f4 g5 29. Rg1 Kf8 30. Rce1 gxf4 31. gxf4 Rxf4 32. Rg5 Rf5 33. Reg1
Rxg5 34. Rxg5 Bf5 35. Nc6 Be4+ 36. Nxe4 Nxc6 37. Rf5+ Ke7 38. Ng3 d4 39. Rf2
Ne5 40. Kg1 Rf8 41. Re2 Kd6 42. Kg2 c4 43. Rd2 d3 44. Ne4+ Kd5 45. Nc3+ Kd4 46.
Rd1 Ng4 47. Kg3 Ne3 48. Re1 Nf5+ 49. Kg2 Nd6 50. a4 Rf5 51. Re6 Kc5 52. Re7 h5
53. Rc7+ Kd4 54. Rc6 Ne4 55. Nb5+ Kd5 56. Rxb6 d2 57. Rb8 Rf2+ 58. Kh3 Rf3+ 59.
Kg2 Rd3 60. Rd8+ Ke5 61. Rxd3 cxd3 62. Kh3 d1=Q 63. Kg2 Qg4+ 64. Kf1 Qf3+ 65.
Kg1 Qf2+ 66. Kh1 Qf1# 0-1

[Event "ODJM B 2019"]
[Site "Willingen GER"]
[Date "2019.06.10"]
[Round "3"]
[White "Feidt, Jonas"]
[Black "Kamleiter, Noah"]
[Result "1/2-1/2"]
[Termination "normal"]
[Board "43"]
[WhiteElo "1622"]
[BlackElo "1457"]
[PlyCount "88"]
[WhiteFideId "16243617"]
[BlackFideId "16265815"]
[EventCountry "GER"]
[EventRounds "9"]
[EventType "swiss"]
[EventDate "2019.06.08"]

1. c4 b6 2. Nc3 Bb7 3. e4 e6 4. Nf3 Bb4 5. d3 Nf6 6. g3 O-O 7. Bg2 d5 8. exd5
exd5 9. O-O d4 10. Ne2 Nc6 11. Nfxd4 Nxd4 12. Bxb7 Nxe2+ 13. Qxe2 Rb8 14. Bg2
Re8 15. Qc2 Qe7 16. a3 Bc5 17. Bg5 h6 18. Bxf6 Qxf6 19. b4 Bd4 20. Rae1 Bc3 21.
Re4 Rbd8 22. Rd1 Rxe4 23. Bxe4 Re8 24. Rc1 Bd4 25. Re1 Qg5 26. Qe2 Kh8 27. Qf3
f5 28. Rd1 fxe4 29. dxe4 Qf6 30. Qe2 Rd8 31. Kg2 Be5 32. f4 Bc3 33. e5 Qc6+ 34.
Kh3 Rxd1 35. Qxd1 Qe6+ 36. Kg2 Qc6+ 37. Kh3 Qe6+ 38. Kg2 Qxc4 39. Qd7 Qe2+ 40.
Kh3 Qh5+ 41. Kg2 Kg8 42. Qd8+ Kh7 43. Qd3+ Kh8 44. Qxc3 Qe2+ 1/2-1/2

[Event "ODJM B 2019"]
[Site "Willingen GER"]
[Date "2019.06.10"]
[Round "3"]
[White "Mainka, Ingmar"]
[Black "Kuschminder, Paul"]
[Result "0-1"]
[Termination "normal"]
[Board "44"]
[WhiteElo "1209"]
[BlackElo "1495"]
[PlyCount "90"]
[WhiteFideId "16254937"]
[BlackFideId "16252551"]
[EventCountry "GER"]
[EventRounds "9"]
[EventType "swiss"]
[EventDate "2019.06.08"]

1. e4 c5 2. Nf3 Nc6 3. d4 cxd4 4. Nxd4 g6 5. Nc3 Bg7 6. Be3 Nf6 7. Bc4 d6 8. f3
Bd7 9. Qd2 O-O 10. O-O-O Ne5 11. Bb3 a6 12. Bh6 b5 13. Bxg7 Kxg7 14. Qe2 Rc8
15. h3 Nc4 16. g4 e5 17. Nf5+ gxf5 18. gxf5 Qe7 19. Bxc4 bxc4 20. Nd5 Nxd5 21.
Rxd5 Bc6 22. Rd2 Bb5 23. Qe3 h6 24. Rhd1 Rfd8 25. f4 Kh7 26. c3 Rc7 27. fxe5
Qxe5 28. Qb6 Qc5 29. Qxc5 Rxc5 30. Rxd6 Rxd6 31. Rxd6 Re5 32. a4 Bxa4 33. Rxa6
Bb3 34. Rd6 Rxe4 35. Kd2 Re5 36. f6 Kg6 37. h4 Kf5 38. h5 Re6 39. Rd8 Kxf6 40.
Rh8 Kg5 41. Rg8+ Kxh5 42. Rg1 f5 43. Kc1 Re2 44. Kb1 f4 45. Rf1 Kg4 0-1

[Event "ODJM B 2019"]
[Site "Willingen GER"]
[Date "2019.06.10"]
[Round "3"]
[White "Borgmann, Simon"]
[Black "Abou Wally, Adrian"]
[Result "1/2-1/2"]
[Termination "normal"]
[Board "45"]
[WhiteElo "1583"]
[BlackElo "1342"]
[PlyCount "41"]
[WhiteFideId "16234677"]
[BlackFideId "16245113"]
[EventCountry "GER"]
[EventRounds "9"]
[EventType "swiss"]
[EventDate "2019.06.08"]

1. d4 d5 2. Nf3 e6 3. e3 f5 4. c4 Nf6 5. a3 Bd6 6. Nbd2 c6 7. b3 O-O 8. Bb2 b6
9. Ne5 Bb7 10. Bd3 Nbd7 11. O-O Qc7 12. f4 Ne4 13. Ndf3 c5 14. Qc2 Rac8 15.
Rac1 Ndf6 16. Qe2 Qe7 17. a4 Rfd8 18. Rfd1 Rc7 19. Rc2 Rcc8 20. Rcc1 Rc7 21.
Rc2 1/2-1/2

[Event "ODJM B 2019"]
[Site "Willingen GER"]
[Date "2019.06.10"]
[Round "3"]
[White "Halle, Julia"]
[Black "Hierl, Johannes"]
[Result "1-0"]
[Termination "normal"]
[Board "46"]
[WhiteElo "1634"]
[BlackElo "1327"]
[PlyCount "31"]
[WhiteFideId "24694940"]
[BlackFideId "16235096"]
[EventCountry "GER"]
[EventRounds "9"]
[EventType "swiss"]
[EventDate "2019.06.08"]

1. e4 Nc6 2. d4 d5 3. exd5 Qxd5 4. Nf3 Bg4 5. Be2 O-O-O 6. Nc3 Qh5 7. Be3 Nf6
8. h3 Bxf3 9. Bxf3 Qf5 10. O-O Nb4 11. Rc1 e6 12. Qe2 Nbd5 13. Nxd5 exd5 14. c4
Bd6 15. cxd5 Nxd5 16. Bg4 1-0

[Event "ODJM B 2019"]
[Site "Willingen GER"]
[Date "2019.06.10"]
[Round "3"]
[White "Pham, Anh Tuan"]
[Black "Ewerhardy, Moritz"]
[Result "0-1"]
[Termination "normal"]
[Board "47"]
[WhiteElo "1300"]
[BlackElo "1654"]
[PlyCount "68"]
[WhiteFideId "16245229"]
[BlackFideId "36052086"]
[EventCountry "GER"]
[EventRounds "9"]
[EventType "swiss"]
[EventDate "2019.06.08"]

1. c4 Nf6 2. g3 g6 3. Bg2 Bg7 4. e3 d6 5. d4 O-O 6. Nc3 c5 7. Nf3 Nc6 8. O-O a6
9. Re1 Qc7 10. b3 cxd4 11. exd4 e5 12. Bb2 Bg4 13. Ne4 Nxe4 14. Rxe4 f5 15. Re1
e4 16. h3 Bxf3 17. Bxf3 exf3 18. Qxf3 Kh8 19. Rad1 Qa5 20. a3 Rae8 21. Re2 Rxe2
22. Qxe2 Qd8 23. d5 Ne5 24. Kg2 f4 25. gxf4 Rxf4 26. Bc1 Rf8 27. f4 Nd7 28. Re1
Bc3 29. Bb2 Bxb2 30. Qxb2+ Kg8 31. Qf2 Nc5 32. Re3 Re8 33. Rf3 Qe7 34. Kg3 Ne4+
0-1

[Event "ODJM B 2019"]
[Site "Willingen GER"]
[Date "2019.06.10"]
[Round "3"]
[White "Borriss, Benjamin"]
[Black "Raasch, Hauke"]
[Result "1/2-1/2"]
[Termination "normal"]
[Board "48"]
[WhiteElo "1475"]
[BlackElo "1614"]
[PlyCount "174"]
[WhiteFideId "16266099"]
[BlackFideId "16210034"]
[EventCountry "GER"]
[EventRounds "9"]
[EventType "swiss"]
[EventDate "2019.06.08"]

1. d4 d5 2. c4 e6 3. Nc3 Nf6 4. Nf3 c6 5. e3 Nbd7 6. b3 Bb4 7. Bb2 Qa5 8. Qc2
Ne4 9. Rc1 Ndf6 10. Bd3 O-O 11. O-O Nxc3 12. Bxc3 h6 13. Bb2 Bd7 14. a3 Be7 15.
b4 Qc7 16. Ne5 dxc4 17. Qxc4 Bd6 18. f4 Nd5 19. Rf3 Bxe5 20. fxe5 Qd8 21. Bb1
Qg5 22. Qd3 g6 23. Rcf1 Qe7 24. e4 Nc7 25. Rg3 Be8 26. Rf6 Rd8 27. Bc1 Kg7 28.
Be3 b6 29. Rg4 Rh8 30. Qd2 c5 31. Rh4 h5 32. Bg5 Qd7 33. d5 Qc8 34. d6 Nb5 35.
Rf3 Nd4 36. Rc3 Bb5 37. Kf2 Rhf8 38. Bxd8 Qxd8 39. Rhh3 f6 40. exf6+ Qxf6+ 41.
Rhf3 Qh4+ 42. Kg1 Nxf3+ 43. Rxf3 Rxf3 44. gxf3 e5 45. bxc5 bxc5 46. d7 Qd8 47.
Qd5 Qxd7 48. Qxe5+ Kh7 49. Qd5 Qe7 50. Ba2 Kh6 51. Kg2 a6 52. h4 Qxh4 53. Qxc5
Qf4 54. Bd5 h4 55. Qf2 Qg5+ 56. Kh2 Qf4+ 57. Kg2 Kh5 58. Be6 Qg5+ 59. Bg4+ Kh6
60. Kh3 Kg7 61. Qxh4 Qe5 62. Qg3 Bf1+ 63. Kh2 Qb2+ 64. Kg1 Qa1 65. Qc7+ Kh6 66.
Kf2 Bb5 67. Qf4+ Kg7 68. Qe3 Qf1+ 69. Kg3 Qa1 70. e5 Qd1 71. Kf4 Qh1 72. Qa7+
Kh6 73. Qe7 Qh2+ 74. Ke4 Qe2+ 75. Kd5 Qd3+ 76. Ke6 Qc4+ 77. Kf6 Qf4+ 78. Ke6
Bc4+ 79. Kd7 Bb5+ 80. Kc7 Qc4+ 81. Kd8 Qd5+ 82. Qd6 Qa8+ 83. Kc7 Qa7+ 84. Kc8
Qa8+ 85. Qb8 Qc6+ 86. Qc7 Qa8+ 87. Qb8 Qc6+ 1/2-1/2

[Event "ODJM B 2019"]
[Site "Willingen GER"]
[Date "2019.06.10"]
[Round "3"]
[White "Lohrmann, Linus"]
[Black "Ostra, Noah"]
[Result "1-0"]
[Termination "normal"]
[Board "49"]
[WhiteElo "1366"]
[BlackElo "1773"]
[PlyCount "107"]
[WhiteFideId "12982857"]
[BlackFideId "16228979"]
[EventCountry "GER"]
[EventRounds "9"]
[EventType "swiss"]
[EventDate "2019.06.08"]

1. e4 c5 2. Nf3 d6 3. d4 cxd4 4. Nxd4 Nf6 5. Nc3 a6 6. Be3 e5 7. Nf3 Be6 8. Nd5
b5 9. Bb6 Qc8 10. Nc7+ Kd7 11. Nxa8 Qb7 12. Qd2 Qxe4+ 13. Be2 Qxa8 14. Nxe5+
Ke8 15. f3 Be7 16. Nd3 Nc6 17. Nf4 Bf5 18. g4 Be6 19. g5 Nd7 20. Nxe6 fxe6 21.
Bc7 Nce5 22. Rf1 Qc6 23. f4 Qxc7 24. fxe5 Nxe5 25. O-O-O Kd7 26. Kb1 Rc8 27.
Bd3 Qc5 28. h4 g6 29. a3 Rb8 30. Rf4 Nc4 31. Bxc4 bxc4 32. Qc3 d5 33. Rf7 Kc6
34. Ka1 Bd6 35. Rf6 Re8 36. Re1 Kd7 37. Rf7+ Re7 38. Qf6 e5 39. Rxe7+ Bxe7 40.
Qxe5 Bd6 41. Qe8+ Kc7 42. Qf7+ Kc6 43. Re8 Kb6 44. Qxh7 c3 45. Qg7 d4 46. Qf6
cxb2+ 47. Kb1 Kc7 48. Qd8+ Kb7 49. Qa8+ Kb6 50. Rb8+ Bxb8 51. Qxb8+ Ka5 52.
Qb4+ Qxb4 53. axb4+ Kxb4 54. h5 1-0

[Event "ODJM B 2019"]
[Site "Willingen GER"]
[Date "2019.06.10"]
[Round "3"]
[White "Esefelder, Richard"]
[Black "Brunauer, Simon"]
[Result "1/2-1/2"]
[Termination "normal"]
[Board "50"]
[WhiteElo "1627"]
[BlackElo "1607"]
[PlyCount "67"]
[WhiteFideId "16287487"]
[BlackFideId "16279077"]
[EventCountry "GER"]
[EventRounds "9"]
[EventType "swiss"]
[EventDate "2019.06.08"]

1. e4 c5 2. Nc3 Nc6 3. f4 d6 4. Nf3 g6 5. g3 Bg7 6. Bg2 Bg4 7. O-O e5 8. h3 Be6
9. d3 Nge7 10. Nh4 Bf6 11. Nf3 Qd7 12. Kh2 O-O 13. Ng5 Nd4 14. Ne2 exf4 15.
gxf4 Bxg5 16. fxg5 d5 17. c3 Ndc6 18. Ng3 d4 19. c4 a6 20. h4 b5 21. b3 Ne5 22.
h5 Bg4 23. Qe1 Nxd3 24. Qd2 Nxc1 25. hxg6 hxg6 26. e5 Rab8 27. Ne4 Qc8 28. Nf6+
Kg7 29. Raxc1 Bf5 30. Rh1 Rh8+ 31. Kg3 Qe6 32. Qf4 bxc4 33. Rxc4 Rxh1 34. Bxh1
1/2-1/2